书目信息 |
| 题名: |
FLUENT 18.0案例分析视频精讲
|
|
| 作者: | 张云杰 , 尚蕾 编著 | |
| 分册: | ||
| 出版信息: | 北京 电子工业出版社 2018.12 |
|
| 页数: | ||
| 开本: | 19cm | |
| 丛书名: | 案例视频精讲系列 | |
| 单 册: | ||
| 中图分类: | TB126-39 | |
| 科图分类: | ||
| 主题词: | 工程力学--流体力学--有限元分析--应用软件 | |
| 电子资源: | ||
| ISBN: | 978-7-121-35691-9 | |
| 000 | 01230nam0 2200253 450 | |
| 001 | 2074429601 | |
| 005 | 20201108204037.92 | |
| 010 | @a978-7-121-35691-9@dCNY69.00 | |
| 100 | @a20200529d2018 em y0chiy0110 ea | |
| 101 | 0 | @achi |
| 102 | @aCN@b110000 | |
| 105 | @af z 000zy | |
| 200 | 1 | @aFLUENT 18.0案例分析视频精讲@9FLUENT18.0An Li Fen Xi Shi Pin Jing Jiang@f张云杰,尚蕾编著 |
| 210 | @a北京@c电子工业出版社@d2018.12 | |
| 215 | @d19cm | |
| 225 | 2 | @a案例视频精讲系列 |
| 330 | @a本书针对FLUENT 17.0软件的实用功能,以精选的案例为主线,介绍FLUENT的前处理几何建模、网格划分、模拟计算和后处理分析的全过程,重点介绍FLUENT17.0各个模型功能及操作步骤,结合案例依次介绍流体分析前后处理软件和FLUENT计算软件界面及操作流程,以及复杂综合实例的演示。另外,本书还通过精选案例+视频课堂精讲的方式,配备交互式多媒体教学光盘,便于读者学习和理解。本书可作为众多领域的在校生学习软件应用的教材,也可供上述领域的科研人员、企业研发人员,特别是从事应用计算的人员学习参考。 | |
| 461 | 0 | @1200 @a案例视频精讲系列 |
| 606 | 0 | @a工程力学@x流体力学@x有限元分析@x应用软件 |
| 690 | 0 | @aTB126-39@v5 |
| 701 | 0 | @a张云杰@9Zhang Yun Jie@4编著 |
| 701 | 0 | @a尚蕾@9Shang Lei@4编著 |
| 801 | 0 | @aCN@b(网众)采访数据@c20201024 |
| 905 | @aZUCC@dTB126-39@eZ232 | |
| FLUENT 18.0案例分析视频精讲/张云杰,尚蕾编著.-北京:电子工业出版社,2018.12 |
| 19cm.-(案例视频精讲系列) |
| ISBN 978-7-121-35691-9:CNY69.00 |
| 本书针对FLUENT 17.0软件的实用功能,以精选的案例为主线,介绍FLUENT的前处理几何建模、网格划分、模拟计算和后处理分析的全过程,重点介绍FLUENT17.0各个模型功能及操作步骤,结合案例依次介绍流体分析前后处理软件和FLUENT计算软件界面及操作流程,以及复杂综合实例的演示。另外,本书还通过精选案例+视频课堂精讲的方式,配备交互式多媒体教学光盘,便于读者学习和理解。本书可作为众多领域的在校生学习软件应用的教材,也可供上述领域的科研人员、企业研发人员,特别是从事应用计算的人员学习参考。 |
| ● |
| 相关链接 |
|
|
|
正题名:FLUENT 18.0案例分析视频精讲
索取号:TB126-39/Z232
 
预约/预借
| 序号 | 登录号 | 条形码 | 馆藏地/架位号 | 状态 | 备注 |
| 1 | 1487493 | 214874938 | 自科库501/501自科库 4排2列4层/ [索取号:TB126-39/Z232] | 在馆 | |
| 2 | 1487494 | 214874947 | 自科库501/501自科库 4排2列4层/ [索取号:TB126-39/Z232] | 在馆 | |
| 3 | 1487495 | 214874956 | 期刊室512/501自科库 4排2列4层/ [索取号:TB126-39/Z232] | 在馆 |